[Event "6th EUR-ch (w)"]
[Site "Chisinau MDA"]
[Date "2005.06.18"]
[Round "8"]
[White "Foisor, Cristina"]
[Black "Gaponenko, Inna"]
[Result "1/2-1/2"]
[WhiteElo "2406"]
[BlackElo "2482"]
[EventDate "2005.06.10"]
[PlyCount "120"]

1.g3 Nf6 2.Bg2 g6 3.c4 Bg7 4.Nc3 O-O 5.d4 c5 6.Nf3 cxd4 7.Nxd4 Nc6 8.O-O 
d6 9.Nc2 Qa5 10.Qd2 Ng4 11.Nd5 Qxd2 12.Bxd2 Bf5 13.Ncb4 Rae8 14.Nxc6 bxc6 
15.Nc3 Rb8 16.b3 Rfc8 17.Rac1 Kf8 18.h3 Nf6 19.e4 Bd7 20.c5 Ne8 21.Rfd1 
Be6 22.Be3 Rb7 23.Na4 Rd7 24.cxd6 exd6 25.Kh2 Rdc7 26.Bf4 Ke7 27.Rc2 h6 
28.Bd2 Kf8 29.Ba5 Re7 30.Bb4 c5 31.Bc3 Bxc3 32.Nxc3 Rd7 33.Rcd2 Ke7 34.f4 
Nc7 35.g4 f6 36.Kg3 g5 37.Bf1 Rh8 38.Bb5 Rdd8 39.Bc6 gxf4+ 40.Kxf4 h5 41.
Nd5+ Bxd5 42.exd5 hxg4 43.Re1+ Kf8 44.hxg4 Rb8 45.Re4 Rh1 46.Kg3 Rb4 47.
Rde2 Rxe4 48.Rxe4 Rd1 49.Ra4 a6 50.Bb7 Kf7 51.Kf3 Nxd5 52.Bxa6 Kg6 53.Bc8 
Nc3 54.Bf5+ Kg5 55.Ra8 Rf1+ 56.Ke3 Nd5+ 57.Ke2 Ra1 58.Kf3 Rf1+ 59.Ke2 Ra1 
60.Kf3 Rf1+ 1/2-1/2

[Event "6th EUR-ch (w)"]
[Site "Chisinau MDA"]
[Date "2005.06.18"]
[Round "8"]
[White "Dembo, Yelena"]
[Black "Cmilyte, Viktorija"]
[Result "1/2-1/2"]
[WhiteElo "2402"]
[BlackElo "2459"]
[EventDate "2005.06.10"]
[PlyCount "43"]

1.e4 c5 2.Nf3 Nc6 3.Bb5 g6 4.O-O Bg7 5.c3 Nf6 6.e5 Nd5 7.d4 cxd4 8.cxd4 
O-O 9.Nc3 Nc7 10.Re1 d6 11.Bxc6 bxc6 12.Qa4 Qd7 13.exd6 exd6 14.Bg5 Ne6 
15.Bh4 Rb8 16.Ne4 Rxb2 17.Qa3 Rb5 18.Qxd6 f5 19.Qxd7 Bxd7 20.Nd6 Rd5 21.
Be7 Rb8 22.Rab1 1/2-1/2

[Event "6th EUR-ch (w)"]
[Site "Chisinau MDA"]
[Date "2005.06.18"]
[Round "8"]
[White "Radziewicz, Iweta"]
[Black "Vasylevich, Tatiana"]
[Result "0-1"]
[WhiteElo "2457"]
[BlackElo "2395"]
[EventDate "2005.06.10"]
[PlyCount "130"]

1.c4 e6 2.Nc3 d5 3.d4 Bb4 4.e3 Nf6 5.Bd3 O-O 6.Ne2 c5 7.O-O cxd4 8.exd4 
dxc4 9.Bxc4 Nbd7 10.Bg5 Be7 11.Bb3 Nb6 12.Qd3 Bd7 13.Rfe1 Nfd5 14.Nxd5 
Nxd5 15.Bxe7 Nxe7 16.Nf4 Qc7 17.Nh5 Rac8 18.Rad1 Rfe8 19.Re3 Ng6 20.Qd2 
Qd6 21.Rg3 e5 22.d5 f5 23.f4 e4 24.Qd4 Qc5 25.Qxc5 Rxc5 26.Kf2 a5 27.d6+ 
Kf8 28.Rd5 Rec8 29.Rxc5 Rxc5 30.Rc3 Rxc3 31.bxc3 Nh8 32.g4 fxg4 33.Bd5 Nf7
34.Bxe4 Nxd6 35.Bxh7 Be6 36.a3 Nb5 37.Ke3 Nxa3 38.Bd3 Nc4+ 39.Kd4 Nb2 40.
Bb1 a4 41.f5 Bc4 42.f6 g5 43.Ng3 a3 44.Ne4 a2 45.Bxa2 Bxa2 46.Nxg5 Nc4 47.
Ne4 Nb6 48.Nd6 Nd7 49.Nxb7 Kf7 50.Ke4 Nxf6+ 51.Kf4 Kg6 52.Nc5 Bc4 53.Nb7 
Be2 54.Nd6 Kh5 55.c4 Kh4 56.c5 Kh3 57.c6 Kxh2 58.Nf5 Ne8 59.Ke3 Bb5 60.Nd4
g3 61.Nf3+ Kh1 62.Nh4 Bxc6 63.Nf5 g2 64.Ng3+ Kh2 65.Ne2 Bb5 0-1

[Event "6th EUR-ch (w)"]
[Site "Chisinau MDA"]
[Date "2005.06.18"]
[Round "8"]
[White "Peng Zhaoqin"]
[Black "Matveeva, Svetlana"]
[Result "1/2-1/2"]
[WhiteElo "2392"]
[BlackElo "2423"]
[EventDate "2005.06.10"]
[PlyCount "86"]

1.d4 d5 2.c4 dxc4 3.e4 Nf6 4.e5 Nd5 5.Bxc4 Nb6 6.Bb3 Nc6 7.Ne2 Bf5 8.Nbc3 
e6 9.a3 Qd7 10.Be3 O-O-O 11.O-O Kb8 12.Qc1 Ne7 13.Ng3 Bg6 14.a4 Nbd5 15.a5
a6 16.Ba4 c6 17.Rd1 h5 18.h3 h4 19.Nge2 Bh5 20.Re1 Bxe2 21.Rxe2 Nf5 22.Bc2
Be7 23.Bxf5 exf5 24.Bg5 Nc7 25.Bxe7 Qxe7 26.Ra4 Ne6 27.Qe3 Rd7 28.f4 Rhd8 
29.Rd2 g6 30.Rc4 Qf8 31.Na4 Rd5 32.b4 Qh6 33.Nb6 Rb5 34.Rf2 Qf8 35.Qd2 Nc7
36.Na4 Rbd5 37.Nb6 Rb5 38.Na4 Rbd5 39.Qb2 Qe7 40.Nb6 Rb5 41.Na4 Rbd5 42.
Nb6 Rb5 43.Na4 Rbd5 1/2-1/2

[Event "6th EUR-ch (w)"]
[Site "Chisinau MDA"]
[Date "2005.06.18"]
[Round "8"]
[White "Collas, Silvia"]
[Black "Khurtsidze, Nino"]
[Result "1/2-1/2"]
[WhiteElo "2381"]
[BlackElo "2418"]
[EventDate "2005.06.10"]
[PlyCount "96"]

1.Nf3 Nf6 2.c4 e6 3.Nc3 c5 4.g3 b6 5.Bg2 Bb7 6.O-O Be7 7.Re1 d5 8.cxd5 
exd5 9.d4 O-O 10.Bg5 Nbd7 11.h3 Ne4 12.Bxe7 Qxe7 13.dxc5 Nxc3 14.bxc3 Nxc5
15.Rc1 Rfd8 16.Nd4 Rac8 17.Qd2 Na4 18.e3 Qa3 19.c4 Nc5 20.cxd5 Bxd5 21.
Bxd5 Rxd5 22.Rc2 Rcd8 23.Qc3 Qa4 24.Rec1 Qd7 25.h4 Qg4 26.Qc4 Qe4 27.Kh2 
R8d7 28.Nb3 Qf3 29.Qe2 Qxe2 30.Rxe2 Nxb3 31.axb3 g6 32.Kg2 Rb5 33.Rc3 Rd1 
34.Rb2 a5 35.Kf3 Rdd5 36.Ke2 Rb4 37.Rd2 Rxd2+ 38.Kxd2 Kg7 39.Rd3 Kf6 40.
Kc3 Ke6 41.Rd8 h5 42.Re8+ Kf5 43.f3 Rb5 44.e4+ Kf6 45.Kc4 Rc5+ 46.Kd4 Rb5 
47.Kc4 Rc5+ 48.Kd4 Rb5 1/2-1/2

[Event "6th EUR-ch (w)"]
[Site "Chisinau MDA"]
[Date "2005.06.18"]
[Round "8"]
[White "Slavina, Irina"]
[Black "Shumiakina, Tatiana"]
[Result "1/2-1/2"]
[WhiteElo "2415"]
[BlackElo "2316"]
[EventDate "2005.06.10"]
[PlyCount "47"]

1.d4 d5 2.c4 dxc4 3.Nf3 Nf6 4.e3 e6 5.Bxc4 c5 6.O-O a6 7.Bb3 b5 8.a4 b4 9.
Nbd2 Bb7 10.Re1 Nc6 11.Nc4 Na5 12.Nxa5 Qxa5 13.Ne5 Be7 14.Bd2 O-O 15.Rc1 
Rfd8 16.Qe2 Qb6 17.dxc5 Bxc5 18.Nc4 Qc7 19.f3 a5 20.Kh1 Nd5 21.Rc2 Ba6 22.
Rec1 Rac8 23.Qe1 h6 24.g3 1/2-1/2

[Event "6th EUR-ch (w)"]
[Site "Chisinau MDA"]
[Date "2005.06.18"]
[Round "8"]
[White "Zielinska, Marta"]
[Black "Demina, Yulia"]
[Result "1-0"]
[WhiteElo "2419"]
[BlackElo "2346"]
[EventDate "2005.06.10"]
[PlyCount "127"]

1.b3 e5 2.Bb2 Nc6 3.e3 d6 4.g3 g6 5.Bg2 Bg7 6.Ne2 Nge7 7.d3 O-O 8.Nd2 Be6 
9.a3 a5 10.Nf3 h6 11.d4 Qc8 12.h3 exd4 13.Nfxd4 Bd7 14.Nxc6 Nxc6 15.Bxg7 
Kxg7 16.Nf4 Qe8 17.O-O Rc8 18.Qd2 b6 19.Nd5 Nd8 20.Rad1 Bc6 21.Qc3+ Qe5 
22.Qxe5+ dxe5 23.Ne7 Bxg2 24.Kxg2 Ra8 25.Rd7 Ne6 26.Nc6 e4 27.Rfd1 Kf6 28.
R1d5 Rac8 29.b4 axb4 30.axb4 Ra8 31.Rd2 Rfe8 32.c4 Ra1 33.Nd4 Re7 34.Nxe6 
fxe6 35.Rxe7 Kxe7 36.Rd4 c6 37.Rxe4 Ra4 38.Rg4 Rxb4 39.Rxg6 Rxc4 40.Rxh6 
b5 41.Rh7+ Kf6 42.Rb7 b4 43.f4 e5 44.h4 c5 45.h5 exf4 46.exf4 Kf5 47.h6 
Rc2+ 48.Kh3 Rc1 49.h7 b3 50.Rxb3 Rh1+ 51.Kg2 Rxh7 52.Kf3 Ke6 53.Ke4 Rd7 
54.Rb6+ Kf7 55.Rc6 Rd4+ 56.Ke5 Rd3 57.g4 Rc3 58.g5 c4 59.Kd4 Rd3+ 60.Ke4 
Rc3 61.Kf5 Rc1 62.g6+ Ke7 63.g7 Rg1 64.Rg6 1-0

[Event "6th EUR-ch (w)"]
[Site "Chisinau MDA"]
[Date "2005.06.18"]
[Round "8"]
[White "Pogonina, Natalia"]
[Black "Sebag, Marie"]
[Result "1-0"]
[WhiteElo "2355"]
[BlackElo "2417"]
[EventDate "2005.06.10"]
[PlyCount "103"]

1.e4 c5 2.Nf3 d6 3.d4 cxd4 4.Nxd4 Nf6 5.Nc3 a6 6.Be2 e5 7.Nb3 Be7 8.Be3 
Be6 9.O-O Nbd7 10.a4 O-O 11.a5 Rc8 12.Qd2 Qc7 13.Rfc1 Qc6 14.Bf3 Rfd8 15.
Nd5 Bxd5 16.exd5 Qc4 17.Qd3 Qh4 18.Qd1 e4 19.Be2 Ne5 20.h3 g6 21.Ra4 Nh5 
22.Bxh5 gxh5 23.Nd4 Bf8 24.Nf5 Qf6 25.Qxh5 Qg6 26.Ng3 Bg7 27.Qxg6 hxg6 28.
Nxe4 Nc4 29.Bg5 Nxb2 30.Rb4 Rd7 31.Rb1 Rc4 32.c3 f5 33.Nf6+ Bxf6 34.Bxf6 
Rxb4 35.cxb4 Nc4 36.Re1 b5 37.Bc3 Rc7 38.Re6 Na3 39.Bb2 Nc2 40.Rxg6+ Kh7 
41.Rxd6 Nxb4 42.Ba3 Nd3 43.Rc6 Rd7 44.Bd6 Nb2 45.Rxa6 Nc4 46.Bb4 Rxd5 47.
Ra7+ Kg6 48.Rb7 f4 49.a6 Rd1+ 50.Kh2 Ra1 51.a7 Kf6 52.Bc3+ 1-0

[Event "6th EUR-ch (w)"]
[Site "Chisinau MDA"]
[Date "2005.06.18"]
[Round "8"]
[White "Stepovaya, Tatiana"]
[Black "Danielian, Elina"]
[Result "0-1"]
[WhiteElo "2348"]
[BlackElo "2415"]
[EventDate "2005.06.10"]
[PlyCount "160"]

1.e4 c6 2.d4 d5 3.e5 Bf5 4.Be3 e6 5.Nd2 Qb6 6.Nb3 Nd7 7.Nf3 a5 8.a4 Bg6 9.
Bd3 Bb4+ 10.c3 Be7 11.Be2 Nh6 12.Bxh6 gxh6 13.O-O O-O 14.Nfd2 f6 15.Bg4 
Bf7 16.Qe2 Kh8 17.Rae1 f5 18.Bh5 Bg6 19.Kh1 Qa6 20.Qxa6 Rxa6 21.Be2 Raa8 
22.f4 Rfb8 23.c4 Bb4 24.Ra1 Kg7 25.Rfc1 Kf8 26.Nf1 dxc4 27.Bxc4 Ke7 28.Bd3
Rd8 29.Ne3 Nb6 30.Nc2 Nd5 31.Nxb4 Nxb4 32.Be2 Be8 33.Kg1 b6 34.Kf2 Ra7 35.
Rc3 Nd5 36.Rh3 Nxf4 37.Rxh6 Kf8 38.g3 Kg7 39.Rf6 Nxe2 40.Kxe2 Re7 41.Ke3 
Rd5 42.g4 fxg4 43.Rf4 Bh5 44.Rg1 Red7 45.h3 c5 46.hxg4 Bg6 47.Rc1 cxd4+ 
48.Nxd4 Rxe5+ 49.Kf3 Rf7 50.Rxf7+ Kxf7 51.Rc7+ Kf6 52.Ne2 Re4 53.b3 Rb4 
54.Rc3 Be4+ 55.Kg3 e5 56.Re3 Bd5 57.Nc1 Be6 58.g5+ Kf5 59.Nd3 Rg4+ 60.Kh2 
e4 61.Ne1 Rxg5 62.Nc2 Ke5 63.b4 Kf4 64.bxa5 bxa5 65.Rc3 Bg4 66.Rc7 Bf3 67.
Rf7+ Rf5 68.Rxh7 Rh5+ 69.Rxh5 Bxh5 70.Kg2 Bd1 71.Nd4 Bxa4 72.Kf2 Bd1 73.
Ke1 Ba4 74.Ke2 Bd7 75.Nb3 a4 76.Nc5 Bb5+ 77.Kd2 e3+ 78.Kc3 e2 79.Kd2 Kf3 
80.Ke1 a3 0-1

[Event "6th EUR-ch (w)"]
[Site "Chisinau MDA"]
[Date "2005.06.18"]
[Round "8"]
[White "Milliet, Sophie"]
[Black "Mkrtchian, Lilit"]
[Result "0-1"]
[WhiteElo "2319"]
[BlackElo "2400"]
[EventDate "2005.06.10"]
[PlyCount "60"]

1.e4 e6 2.d4 d5 3.e5 c5 4.c3 Nc6 5.Nf3 Bd7 6.Be2 Nge7 7.Na3 cxd4 8.cxd4 
Nf5 9.Nc2 Qb6 10.O-O a5 11.g4 Nfe7 12.Nh4 Ng6 13.Ng2 Be7 14.Kh1 O-O 15.f4 
f5 16.h3 Rac8 17.Kh2 Rc7 18.Be3 Rfc8 19.Rb1 Na7 20.Bd3 Bb5 21.Rf2 Bxd3 22.
Qxd3 Qb5 23.Qxb5 Nxb5 24.Nce1 Kf7 25.Rd1 a4 26.a3 Nf8 27.Rdd2 g6 28.Rc2 
Rc4 29.Rfd2 Nd7 30.Kg3 Nb6 0-1

[Event "6th EUR-ch (w)"]
[Site "Chisinau MDA"]
[Date "2005.06.18"]
[Round "8"]
[White "Korbut, Ekaterina"]
[Black "Vasilevich, Irina"]
[Result "1-0"]
[WhiteElo "2399"]
[BlackElo "2347"]
[EventDate "2005.06.10"]
[PlyCount "77"]

1.e4 c5 2.Nf3 e6 3.d4 cxd4 4.Nxd4 Nc6 5.Nc3 Qc7 6.Be3 Nf6 7.Bd3 a6 8.O-O 
Ne5 9.h3 Bc5 10.Kh1 d6 11.f4 Ng6 12.Qe1 Bd7 13.f5 Ne5 14.Qh4 O-O-O 15.Bg1 
h5 16.Nce2 Kb8 17.b4 Ba7 18.Rab1 Nfg4 19.b5 Nxd3 20.cxd3 Bxb5 21.Nxb5 axb5
22.Bxa7+ Kxa7 23.Rxb5 d5 24.Nf4 dxe4 25.Qe1 exf5 26.Rxf5 Rxd3 27.Qxe4 Rd6 
28.Qa4+ Ra6 29.Qd4+ Ka8 30.Qxg7 Rd8 31.hxg4 hxg4 32.Qxg4 Rxa2 33.Nh3 Qc8 
34.Qb4 Rad2 35.Ra5+ Kb8 36.Qb6 Qg4 37.Qa7+ Kc7 38.Rxf7+ R8d7 39.Qc5+ 1-0

[Event "6th EUR-ch (w)"]
[Site "Chisinau MDA"]
[Date "2005.06.18"]
[Round "8"]
[White "Lomineishvili, Maia"]
[Black "Gvetadze, Sopio"]
[Result "1-0"]
[WhiteElo "2396"]
[BlackElo "2283"]
[EventDate "2005.06.10"]
[PlyCount "43"]

1.d4 Nf6 2.c4 e6 3.Nf3 Bb4+ 4.Nc3 c5 5.e3 d6 6.Bd3 Nbd7 7.O-O cxd4 8.exd4 
Bxc3 9.bxc3 Qc7 10.Bf4 b6 11.Re1 O-O 12.c5 Ne8 13.Ng5 Ndf6 14.cxd6 Nxd6 
15.Qf3 Rb8 16.Qg3 Rd8 17.Be5 Qe7 18.Nxh7 Nfe8 19.Ng5 Bb7 20.Qh4 Nf6 21.Re3
g6 22.Nxe6 1-0

[Event "6th EUR-ch (w)"]
[Site "Chisinau MDA"]
[Date "2005.06.18"]
[Round "8"]
[White "Molchanova, Tatiana"]
[Black "Vajda, Szidonia"]
[Result "1/2-1/2"]
[WhiteElo "2315"]
[BlackElo "2391"]
[EventDate "2005.06.10"]
[PlyCount "51"]

1.e4 e5 2.Nf3 d6 3.Bc4 Be7 4.d4 exd4 5.Nxd4 Nf6 6.Qf3 O-O 7.Nf5 Bxf5 8.
Qxf5 Nc6 9.c3 Ne5 10.Be2 Qd7 11.Qxd7 Nexd7 12.Nd2 Rfe8 13.O-O Bf8 14.Bc4 
Ne5 15.Bb3 Nd3 16.Bc2 Nxc1 17.Raxc1 d5 18.exd5 Nxd5 19.Rfe1 Rad8 20.Ne4 h6
21.Rcd1 Nf4 22.g3 Ne6 23.Bb3 Nc5 24.Nxc5 Rxe1+ 25.Rxe1 Bxc5 26.Rd1 1/2-1/2

[Event "6th EUR-ch (w)"]
[Site "Chisinau MDA"]
[Date "2005.06.18"]
[Round "8"]
[White "Hagarova, Zuzana"]
[Black "Houska, Jovanka"]
[Result "0-1"]
[WhiteElo "2386"]
[BlackElo "2334"]
[EventDate "2005.06.10"]
[PlyCount "66"]

1.e4 c6 2.d4 d5 3.Nd2 dxe4 4.Nxe4 Bf5 5.Ng3 Bg6 6.N1e2 e6 7.h4 h6 8.Nf4 
Bh7 9.Bc4 Nf6 10.O-O Bd6 11.Nxe6 fxe6 12.Bxe6 Nbd7 13.Re1 Qc7 14.Bg8+ Kd8 
15.Bxh7 Rxh7 16.Qf3 Bxg3 17.fxg3 Qd6 18.Bf4 Qd5 19.Qe3 g5 20.hxg5 hxg5 21.
Bxg5 Kc7 22.c4 Qxc4 23.Bxf6 Nxf6 24.Qe5+ Kb6 25.b3 Qc3 26.Rac1 Qb4 27.Rc4 
Qa5 28.Rc5 Qd2 29.Re2 Qd3 30.Rc1 Nd5 31.a4 Re7 32.Qxd5 cxd5 33.Rxe7 Qxd4+ 
0-1

[Event "6th EUR-ch (w)"]
[Site "Chisinau MDA"]
[Date "2005.06.18"]
[Round "8"]
[White "Kochetkova, Yulia"]
[Black "Pokorna, Regina"]
[Result "1/2-1/2"]
[WhiteElo "2311"]
[BlackElo "2374"]
[EventDate "2005.06.10"]
[PlyCount "46"]

1.e4 e5 2.Nf3 Nc6 3.Bb5 a6 4.Ba4 Nf6 5.O-O Be7 6.Re1 b5 7.Bb3 O-O 8.a4 Bb7
9.c3 d5 10.exd5 Nxd5 11.d4 exd4 12.cxd4 Bf6 13.axb5 axb5 14.Rxa8 Bxa8 15.
Nc3 Nxc3 16.bxc3 Na5 17.Bc2 Nc4 18.Bf4 g6 19.Ne5 Bg5 20.Bxg5 Qxg5 21.Be4 
Nxe5 22.Bxa8 Nd3 23.Qxd3 Rxa8 1/2-1/2

[Event "6th EUR-ch (w)"]
[Site "Chisinau MDA"]
[Date "2005.06.18"]
[Round "8"]
[White "Celuskina, Irina"]
[Black "Purtseladze, Maka"]
[Result "0-1"]
[WhiteElo "2369"]
[BlackElo "2311"]
[EventDate "2005.06.10"]
[PlyCount "96"]

1.g3 g6 2.Bg2 Bg7 3.d4 c5 4.d5 d6 5.Nf3 b5 6.Nc3 Nf6 7.a3 Bb7 8.O-O b4 9.
axb4 cxb4 10.Na4 Bxd5 11.Bd2 Nc6 12.c3 a5 13.Bg5 Be4 14.Bh3 O-O 15.Nd2 
bxc3 16.Nxc3 Bf5 17.Bg2 Bd7 18.Nc4 Ra6 19.Qd2 Be6 20.Na3 Nb4 21.Nab5 Ng4 
22.Rac1 h6 23.Bf4 g5 24.Be3 Nxe3 25.Qxe3 Qb6 26.Qd2 Na2 27.Nxa2 Qxb5 28.
Nc3 Qb4 29.Qd3 Bc4 30.Qe3 e6 31.h4 Qb6 32.Qxb6 Rxb6 33.hxg5 hxg5 34.Rfd1 
d5 35.e4 d4 36.Na4 Rb4 37.Nc5 g4 38.e5 Rd8 39.Nb7 Rxb7 40.Bxb7 Be2 41.Re1 
d3 42.Ba6 Bxe5 43.Rxe2 dxe2 44.Bxe2 Bxb2 45.Rc4 Rd4 46.Rc2 Ba3 47.Rc3 Bd6 
48.Re3 Bb4 0-1

[Event "6th EUR-ch (w)"]
[Site "Chisinau MDA"]
[Date "2005.06.18"]
[Round "8"]
[White "Kosintseva, Tatiana"]
[Black "Rohonyan, Kateryna"]
[Result "1/2-1/2"]
[WhiteElo "2486"]
[BlackElo "2309"]
[EventDate "2005.06.10"]
[PlyCount "66"]

1.e4 g6 2.d4 Bg7 3.Nc3 d6 4.Bg5 a6 5.Qd2 b5 6.a4 b4 7.Nd5 Nc6 8.c3 bxc3 9.
bxc3 h6 10.Bh4 g5 11.Bg3 e5 12.dxe5 Nxe5 13.Bxe5 Bxe5 14.Nf3 Bg7 15.Bc4 
Nf6 16.O-O O-O 17.Rae1 Re8 18.Nd4 Be6 19.f4 Bxd5 20.exd5 Ne4 21.Qc2 Nxc3 
22.Rxe8+ Qxe8 23.Qxc3 Qe4 24.Rd1 Rb8 25.Kf1 Rb1 26.Rxb1 Qxb1+ 27.Ke2 Qg1 
28.Kd3 gxf4 29.Ke4 Bxd4 30.Qxd4 f5+ 31.Kd3 Qd1+ 32.Kc3 Qa1+ 33.Kd3 Qd1+ 
1/2-1/2

[Event "6th EUR-ch (w)"]
[Site "Chisinau MDA"]
[Date "2005.06.18"]
[Round "8"]
[White "Socko, Monika"]
[Black "Ovod, Evgenia"]
[Result "1-0"]
[WhiteElo "2464"]
[BlackElo "2305"]
[EventDate "2005.06.10"]
[PlyCount "89"]

1.d4 Nf6 2.c4 e6 3.Nc3 Bb4 4.Qc2 O-O 5.a3 Bxc3+ 6.Qxc3 Ne4 7.Qc2 f5 8.e3 
b6 9.Ne2 Bb7 10.f3 Qh4+ 11.g3 Qh5 12.Bg2 Ng5 13.Nf4 Qe8 14.O-O c5 15.d5 
Na6 16.Bd2 Qe7 17.Rad1 Nc7 18.Bc3 exd5 19.cxd5 Nb5 20.Rfe1 Nxc3 21.Qxc3 
Nf7 22.e4 fxe4 23.Rxe4 Qg5 24.h4 Qh6 25.Bh3 Rad8 26.Re7 Bc8 27.d6 Qf6 28.
Qxf6 gxf6 29.Nh5 Ne5 30.f4 Nf3+ 31.Kf2 Nd4 32.Rde1 Kh8 33.g4 Ba6 34.g5 
fxg5 35.hxg5 Bd3 36.Nf6 Bg6 37.Bxd7 Nf5 38.Bxf5 Bxf5 39.Rh1 Rxf6 40.gxf6 
Kg8 41.Rg1+ Kf8 42.Rgg7 Rxd6 43.Ref7+ Ke8 44.Rxa7 Kf8 45.Ra8+ 1-0

[Event "6th EUR-ch (w)"]
[Site "Chisinau MDA"]
[Date "2005.06.18"]
[Round "8"]
[White "Melnikova, Yana"]
[Black "Skripchenko, Almira"]
[Result "0-1"]
[WhiteElo "2301"]
[BlackElo "2453"]
[EventDate "2005.06.10"]
[PlyCount "80"]

1.e4 c5 2.Nf3 Nc6 3.d4 cxd4 4.Nxd4 Qc7 5.Nc3 e6 6.Ndb5 Qb8 7.Be3 Nf6 8.f4 
a6 9.e5 axb5 10.exf6 b4 11.Nb5 b6 12.Bd3 gxf6 13.f5 Ra5 14.fxe6 dxe6 15.
O-O Bd7 16.Qf3 Be7 17.Bf4 Ne5 18.Qe2 Rg8 19.c4 Bc6 20.Be4 Qb7 21.Bxc6+ 
Qxc6 22.b3 Bc5+ 23.Kh1 Ra8 24.Bg3 Rxg3 25.hxg3 Ke7 26.Rxf6 Kxf6 27.Rf1+ 
Kg6 28.Qxe5 f5 29.a4 Qe4 30.Qxe4 fxe4 31.Nc7 Rd8 32.Nxe6 Rd6 33.Nxc5 bxc5 
34.Kg1 e3 35.Rb1 Kf5 36.Kf1 Ke4 37.Ra1 Rd2 38.Kg1 e2 39.a5 Ke3 40.g4 Rd6 
0-1

[Event "6th EUR-ch (w)"]
[Site "Chisinau MDA"]
[Date "2005.06.18"]
[Round "8"]
[White "Nebolsina, Vera"]
[Black "Peptan, Corina-Isabela"]
[Result "0-1"]
[WhiteElo "2302"]
[BlackElo "2435"]
[EventDate "2005.06.10"]
[PlyCount "72"]

1.d4 Nf6 2.Nf3 e6 3.c4 b6 4.a3 Ba6 5.Qc2 Bb7 6.Nc3 c5 7.e4 cxd4 8.Nxd4 Nc6
9.Nxc6 Bxc6 10.e5 Ng4 11.Qe2 Qh4 12.h3 Nh6 13.Nb5 Bxb5 14.cxb5 Rc8 15.g3 
Qa4 16.Bxh6 gxh6 17.Rb1 Rg8 18.Qd3 Rg5 19.Be2 Rxe5 20.O-O Qc2 21.Rbc1 Qxc1
22.Rxc1 Rxc1+ 23.Kg2 Rcc5 24.b4 Rc7 25.Bf3 Rc1 26.Qxh7 Rxb5 27.Qe4 Bg7 28.
Qh7 Kf8 29.Qd3 Re5 30.Qxd7 Bf6 31.Qxa7 b5 32.a4 bxa4 33.Qxa4 Rb1 34.Be4 
Rb2 35.Kf3 Kg7 36.Ke3 Be7 0-1

[Event "6th EUR-ch (w)"]
[Site "Chisinau MDA"]
[Date "2005.06.18"]
[Round "8"]
[White "Moser, Eva"]
[Black "Mamedyarova, Zeinab"]
[Result "1/2-1/2"]
[WhiteElo "2422"]
[BlackElo "2286"]
[EventDate "2005.06.10"]
[PlyCount "129"]

1.e4 e5 2.Nf3 Nf6 3.Nxe5 d6 4.Nf3 Nxe4 5.Nc3 Nf6 6.d4 d5 7.Bd3 Be7 8.h3 
O-O 9.O-O c5 10.dxc5 Nbd7 11.Bg5 Nxc5 12.Re1 Be6 13.Nd4 h6 14.Bf4 Qd7 15.
Be5 a6 16.Nxe6 fxe6 17.Bg6 Qc6 18.Ne2 Nfd7 19.Nd4 Qb6 20.Bg3 Rf6 21.Bf5 
Bd6 22.Bxd6 Qxd6 23.Bg4 Ne5 24.Bf3 Raf8 25.Qe2 Ng6 26.b4 Nd7 27.c4 Nf4 28.
Qd2 e5 29.c5 Qc7 30.Ne2 Nxh3+ 31.gxh3 Rxf3 32.Qxd5+ Kh8 33.Rad1 R8f7 34.
Ng3 Qd8 35.Qxe5 Rxf2 36.Qe8+ Qxe8 37.Rxe8+ Nf8 38.Rf1 Rxf1+ 39.Nxf1 Kh7 
40.Nd2 Ng6 41.Ne4 Rd7 42.Nd6 Ne7 43.a3 Nc6 44.Rc8 Re7 45.Kf2 g5 46.Rf8 Kg7
47.Rc8 Kh7 48.Re8 Rxe8 49.Nxe8 h5 50.Nd6 Nd8 51.a4 Kg6 52.b5 axb5 53.axb5 
g4 54.hxg4 hxg4 55.b6 Kg5 56.Nxb7 Nc6 57.Kg3 Kf5 58.Nd6+ Ke6 59.Kxg4 Kd5 
60.Nb7 Nb8 61.Kf5 Kc6 62.Nd8+ Kxc5 63.b7 Kd6 64.Ne6 Kc6 65.Ke4 1/2-1/2

[Event "6th EUR-ch (w)"]
[Site "Chisinau MDA"]
[Date "2005.06.18"]
[Round "8"]
[White "Bogza, Adina"]
[Black "Pahtz, Elisabeth"]
[Result "0-1"]
[WhiteElo "2297"]
[BlackElo "2407"]
[EventDate "2005.06.10"]
[PlyCount "80"]

1.d4 Nf6 2.Nf3 g6 3.g3 Bg7 4.Bg2 O-O 5.c4 d6 6.O-O Nc6 7.d5 Na5 8.Nfd2 c5 
9.Nc3 a6 10.Qc2 Rb8 11.b3 b5 12.Bb2 e5 13.cxb5 axb5 14.a4 b4 15.Nd1 Ba6 
16.Re1 Bh6 17.e3 Nd7 18.f4 Rc8 19.Nc4 Bxc4 20.bxc4 exf4 21.exf4 Bg7 22.Bh3
Rc7 23.Rb1 Nb6 24.Bxg7 Kxg7 25.Nb2 Re7 26.Bf1 Rfe8 27.Rxe7 Qxe7 28.Bd3 
Qe3+ 29.Kg2 Qd4 30.Rf1 f5 31.Rf2 Re1 32.Rf1 Re3 33.Rf3 Re7 34.Rf1 b3 35.
Qc1 Nxa4 36.Nxa4 Qxd3 37.Re1 Re2+ 38.Kh3 Qc2 39.Qxc2 bxc2 40.Ra1 Nb3 0-1

[Event "6th EUR-ch (w)"]
[Site "Chisinau MDA"]
[Date "2005.06.18"]
[Round "8"]
[White "Velikhanli, Firuza"]
[Black "Jackova, Jana"]
[Result "1/2-1/2"]
[WhiteElo "2303"]
[BlackElo "2406"]
[EventDate "2005.06.10"]
[PlyCount "34"]

1.e4 e5 2.Nf3 Nc6 3.Bb5 a6 4.Ba4 Nf6 5.Bxc6 dxc6 6.d3 Bc5 7.Nbd2 Qe7 8.Nc4
Ng4 9.O-O b5 10.Ne3 O-O 11.h3 Nxe3 12.Bxe3 Bxe3 13.fxe3 c5 14.Qe2 Rb8 15.
b3 Rb6 16.Rf2 Bb7 17.Nd2 Rf6 1/2-1/2

[Event "6th EUR-ch (w)"]
[Site "Chisinau MDA"]
[Date "2005.06.18"]
[Round "8"]
[White "Klinova, Masha"]
[Black "Andriasian, Siranush"]
[Result "1-0"]
[WhiteElo "2391"]
[BlackElo "2263"]
[EventDate "2005.06.10"]
[PlyCount "58"]

1.e4 c5 2.Nf3 e6 3.Nc3 a6 4.Be2 b5 5.O-O Bb7 6.a3 b4 7.Na4 Bxe4 8.d4 bxa3 
9.Nxc5 axb2 10.Bxb2 Bc6 11.Ne5 Nf6 12.Nxc6 Nxc6 13.Nxa6 Rc8 14.c4 d5 15.
Qa4 dxc4 16.Rfc1 Nd7 17.Bf3 Ncb8 18.Bb7 Rc7 19.Nxc7+ Qxc7 20.Bf3 Bd6 21.
Rxc4 Qd8 22.Ba3 Bxa3 23.Qxa3 Nb6 24.Rc2 N8d7 25.d5 Qe7 26.d6 Qd8 27.h3 O-O
28.Rc7 Nd5 29.Ra7 Nf4 1-0

[Event "6th EUR-ch (w)"]
[Site "Chisinau MDA"]
[Date "2005.06.18"]
[Round "8"]
[White "Tsereteli, Tamara"]
[Black "Ciuksyte, Dagne"]
[Result "1-0"]
[WhiteElo "2273"]
[BlackElo "2356"]
[EventDate "2005.06.10"]
[PlyCount "105"]

1.e4 c5 2.Nf3 e6 3.d4 cxd4 4.Nxd4 a6 5.Nc3 Qc7 6.Bd3 Nf6 7.O-O Be7 8.a4 
Nc6 9.Nxc6 bxc6 10.f4 d5 11.e5 Nd7 12.Kh1 O-O 13.Qh5 g6 14.Qh6 Re8 15.Rf3 
Bf8 16.Qh4 Be7 17.Qh6 Bf8 18.Qh4 Bg7 19.Bd2 Bb7 20.Rh3 Nf8 21.Nd1 c5 22.
Nf2 Qd8 23.Qg3 Rb8 24.Ng4 Bc6 25.b3 c4 26.Bf1 Nd7 27.b4 h5 28.Ne3 a5 29.b5
Bb7 30.Be2 Nc5 31.Bf3 Rc8 32.Re1 Ra8 33.Bc3 Qc7 34.Bd4 Rad8 35.Qf2 Nd7 36.
g4 f6 37.exf6 Qxf4 38.Ng2 Qd6 39.fxg7 e5 40.Bb2 hxg4 41.Bxg4 Nf6 42.Ba3 
Nxg4 43.Qh4 Nf2+ 44.Qxf2 Qd7 45.Rg3 Kxg7 46.Nh4 Re6 47.h3 Rf6 48.Qe2 Rh8 
49.Rg4 d4+ 50.Kg1 Qd5 51.Ng2 Bc8 52.Rg5 Bxh3 53.Nf4 1-0

[Event "6th EUR-ch (w)"]
[Site "Chisinau MDA"]
[Date "2005.06.18"]
[Round "8"]
[White "Hryhorenko, Natalia"]
[Black "Ushenina, Anna"]
[Result "1-0"]
[WhiteElo "2294"]
[BlackElo "2350"]
[EventDate "2005.06.10"]
[PlyCount "85"]

1.d4 g6 2.Nf3 Bg7 3.g3 Nf6 4.c4 O-O 5.Bg2 d6 6.O-O c6 7.Nc3 Nbd7 8.e4 e5 
9.h3 Re8 10.Re1 a5 11.Be3 exd4 12.Nxd4 Nc5 13.Qc2 Qc7 14.Rad1 Bd7 15.f4 
Rad8 16.Bf2 h5 17.Nf3 b6 18.a3 b5 19.cxb5 cxb5 20.Nd4 Rb8 21.Nd5 Qc8 22.
Nxf6+ Bxf6 23.Kh2 b4 24.Rc1 bxa3 25.bxa3 Qa6 26.e5 dxe5 27.fxe5 Be7 28.Bf1
Qb7 29.e6 Ba4 30.exf7+ Kxf7 31.Qc4+ Kg7 32.Ne6+ Nxe6 33.Qxa4 Qf3 34.Rc2 
Qxa3 35.Qd7 Nf8 36.Bd4+ Kh7 37.Qd5 Qb3 38.Qxb3 Rxb3 39.Rc7 g5 40.Rcxe7+ 
Rxe7 41.Rxe7+ Kg6 42.Bc4 Rb4 43.Bd3+ 1-0

[Event "6th EUR-ch (w)"]
[Site "Chisinau MDA"]
[Date "2005.06.18"]
[Round "8"]
[White "Sharevich, Anna"]
[Black "Petrenko, Svetlana"]
[Result "1-0"]
[WhiteElo "2278"]
[BlackElo "2348"]
[EventDate "2005.06.10"]
[PlyCount "71"]

1.d4 d5 2.Nf3 c6 3.c4 dxc4 4.a4 Be6 5.Nc3 g6 6.e4 Bg7 7.Be3 Na6 8.Be2 Nf6 
9.Ne5 Qa5 10.O-O Qb4 11.Qc2 O-O 12.a5 Qd6 13.Nxc4 Qc7 14.Ne5 Nd7 15.Nxd7 
Qxd7 16.Bxa6 bxa6 17.Na4 Qc7 18.Nc5 Bc8 19.f4 Rb8 20.Qc3 Rb5 21.b4 Qd6 22.
Qc4 Be6 23.Qc3 Bc8 24.Rab1 f5 25.Qc4+ Kh8 26.e5 Qc7 27.Rfc1 Rd8 28.Ne6 
Bxe6 29.Qxe6 Rc8 30.Rc4 Qb7 31.Rbc1 c5 32.bxc5 Rxa5 33.c6 Qc7 34.d5 Bf8 
35.d6 exd6 36.exd6 1-0

[Event "6th EUR-ch (w)"]
[Site "Chisinau MDA"]
[Date "2005.06.18"]
[Round "8"]
[White "Zozulia, Anna"]
[Black "Zakurdyaeva, Irina"]
[Result "0-1"]
[WhiteElo "2343"]
[BlackElo "2260"]
[EventDate "2005.06.10"]
[PlyCount "78"]

1.e4 c5 2.Nf3 e6 3.d4 cxd4 4.Nxd4 Nc6 5.Nc3 Qc7 6.Be2 a6 7.O-O Nf6 8.a3 
Bd6 9.g3 Nxd4 10.Qxd4 b5 11.Qd3 Bb7 12.Bf3 h5 13.Re1 Ng4 14.Qe2 O-O-O 15.
Bg2 Bc5 16.Nd1 f5 17.a4 h4 18.Bf4 e5 19.Bg5 hxg3 20.hxg3 Rdf8 21.axb5 Nxf2
22.Nxf2 f4 23.gxf4 exf4 24.Qf3 Qe5 25.bxa6 Ba8 26.Kf1 Qxg5 27.Ra5 d6 28.b4
Qd8 29.Qc3 f3 30.Bh3+ Rxh3 31.bxc5 Rg3 32.cxd6+ Kd7 33.e5 Rg1+ 34.Kxg1 
Qg5+ 35.Ng4 f2+ 36.Kf1 Bg2+ 37.Kxg2 Qxg4+ 38.Kf1 Qg1+ 39.Ke2 f1=Q+ 0-1